000 00795nam a2200229 a 4500
999 _c382220
_d382220
003 BLK
005 20250127112519.0
008 200813b bu ||||| |||| 00| 0 bu d
020 _a9786197496529
040 _aBLK
041 _aBUL
_cBUL
080 _aБългарска литература
_b821.163.2
_x-94
_z821.163.2-94
100 _aЛулчев, Андро
_eпърви автор
_91299
139 _aЛулчев, Андро
_bЛ 87
245 _aСептемврийски дни
_b1918 г. : Лични спомени
_cАндро Лулчев .
260 _9391895
_aСофия
_bБългарска история
_c2020
300 _a304 с.
_c21 см
380 _aX
942 _cKNG
_n0
_s1
_04
944 _aCR
_c2020-08-13
_k30575
_lМартин Енчев
999 _d382220